000 00687 a2200205 4500
001 41337
005 20260407155707.0
008 260407a2017 arg spa d
003 AR-UNSa-BCEJYS
040 _aAR-UNSa-BCEJYS
_bspa
_cAR-UNSa-BCEJYS
080 _a336.22
_xImpuestos
245 1 0 _aMonotributo
_pmodificaciones para el año 2017
264 1 _aBuenos Aires :
_bErrepar
_c2017
300 _a16 p.
_c21 cm.
505 _a1. Monotributo 2017 / Mario Rapisarda - 2. Ley de monotributo actualizada
041 _aspa
942 _cBK
590 _aniveau_biblio:m niveau_hierar:0
856 4 1 _uhttps://biblioeco.unsa.edu.ar/pmb/images/libros/E00036.jpg
_yImagen de portada
_qimage/jpeg
999 _c3471
_d3471